Most Iconic Sports Logos - Statistics

General Stats
  • This quiz has been taken 118 times
  • The average score is 7 of 20
Answer Stats
Guessed % League Answer % Correct
97% NBA Los Angeles Lakers
88%
94% NBA Boston Celtics
67%
100% NBA Chicago Bulls
61%
93% NBA Golden State Warriors
55%
91% NFL Dallas Cowboys
50%
94% NFL Green Bay Packers
46%
91% NBA Miami Heat
39%
92% MLB Boston Red Sox
36%
97% NHL Toronto Maple Leafs
33%
99% NFL Miami Dolphins
31%
92% NFL Detroit Lions
22%
98% NHL Pittsburgh Penguins
22%
94% NFL Baltimore Ravens
21%
93% MLB Chicago Cubs
21%
92% NFL Minnesota Vikings
20%
91% NBA San Antonio Spurs
20%
93% NFL Jacksonville Jaguars
13%
94% NHL New Jersey Devils
13%
93% MLB Toronto Blue Jays
13%
92% MLB Los Angeles Angels
10%
No matching quizzes found
Score Distribution
Percent of People with Each Score
Percentile by Number Answered
Your Score History
You have not taken this quiz